Loving a Stranger.

The film starts with Roxanne, a pretty 41-year-old woman, flying to Morocco for the eighth time in two years. She has already submitted the sponsorship papers to bring her lover, Abdelrafour, who is 14 years younger, to Canada as her husband. Roxanne is a worldly, confident, self-confessed short-tem...

Full description

Bibliographic Details
Corporate Author: Kanopy (Firm)
Format: Video
Language:Undetermined
Language Notes:In English
Published: [San Francisco, California, USA] : Kanopy Streaming, 2015.
Subjects:
Online Access:Connect to this streaming video

MARC

Tag First Indicator Second Indicator Subfields
LEADER 00000cgm a2200000za 4500
001 in00003589986
006 m o c
007 vz uzazuu
007 cr una---unuuu
008 150908p20152007cau052 o vlund d
005 20260324170711.6
028 5 2 |a 1080280  |b Kanopy 
035 |a (CaSfKAN)kan1080280 
040 |a VDU  |b eng  |c VDU  |d UtOrBLW 
245 0 0 |a Loving a Stranger. 
264 1 |a [San Francisco, California, USA] :  |b Kanopy Streaming,  |c 2015. 
300 |a 1 online resource (streaming video file) 
306 |a Duration: 52 minutes 
336 |a two-dimensional moving image  |b tdi  |2 rdacontent 
337 |a computer  |b c  |2 rdamedia 
338 |a online resource  |b cr  |2 rdacarrier 
500 |a Title from title frames. 
518 |a Originally produced by Interfilm Productions in 2007. 
520 |a The film starts with Roxanne, a pretty 41-year-old woman, flying to Morocco for the eighth time in two years. She has already submitted the sponsorship papers to bring her lover, Abdelrafour, who is 14 years younger, to Canada as her husband. Roxanne is a worldly, confident, self-confessed short-tempered woman who is fully financially responsible for her life as well as her son's. Abdel is a charming, soft-spoken guy with little education and no job who comes from a traditional, poor Moroccan family. Abdel and his friends are all under 30 and their laughter is contagious for a woman of 41 on a vacation to the seductive Marrakech. Roxanne has a dear friend, Stephanie, who is engaged to a Moroccan man. Stephanie met Abderrahim on an internet site frequented by Western women and Arab men. They have been dating for a year. Stephanie is a heavyset woman, funny and sweet. Abderrahim is 10 years younger, fit and wears a "Guantanamo Bay" prisoner's shirt. We see them kissing, singing, hugging. Abderrahim is not shy to say things like, "I love you"¦I need you"¦ I want you"¦ right now". Stephanie, who has never been married, is overjoyed. Abderrahim, whose father is an Imam, will marry Stephanie on one condition - she must convert to Islam. He also wants his wife to wear Hijab when they start living together in North America. At the beginning, Stephanie, who knows absolutely nothing about Islam, laughs at this request - she is sure that after her husband comes to live with her, they will overcome all challenges. Unfortunately, it's not possible to rise over all challenges. That is what Lainie, a dance artist in her mid-30s, has learned. Lainie is angry. She met her ex-husband Akra while studying dance in Guinea and married him after several years of dating. Three weeks after his arrival in North America, Akra abandons Lainie without a word. Hurt beyond belief, Lainie refuses to become his doorway to the West. All her energy turns into securing Akra's deportation. Being an artist, Lainie stages a public protest in the capital of Canada, wearing her wedding dress and carrying a heavy red door on her back in front of government offices. The protest forces the authorities to promptly schedule the deportation hearing - a scorned woman's revenge. Revenge is not in the cards for Alison, whose main fear is that her ex-fiance would somehow find her. She has spent years playing their love story in her head over and over, from the moment she met a smart, educated Pakistani man in Dubai, to the night he violently attacked her, to the interview with the security agency. "We believe the man you were going to marry is a member of the terrorist organization". 
538 |a Mode of access: World Wide Web. 
546 |a In English 
500 |a Electronic resource. 
653 |a Gender Studies 
653 |a Politics and International Affairs 
655 7 |a Nonfiction films.  |2 lcgft  |0 http://id.loc.gov/authorities/genreForms/gf2011026423 
655 7 |a Internet videos.  |2 lcgft  |0 http://id.loc.gov/authorities/genreForms/gf2011026337 
710 2 |a Kanopy (Firm)  |0 http://id.loc.gov/authorities/names/no2014091415 
856 4 0 |u http://proxy.library.tamu.edu/login?url=https://texasam.kanopystreaming.com/node/80281  |z Connect to this streaming video  |t 0 
999 f f |s fb9b3421-21f5-31e5-9e81-e772891a503c  |i 80c1f13f-7b35-38cf-8987-cc27725c1c20  |t 0 
952 f f |a Texas A&M University  |b College Station  |c Electronic Resources  |s www_evans  |d Available Online  |t 0  |h No information provided 
998 f f |t 0  |l Available Online